রুমূয-ই-বেখূদী / (Record no. 10241)
[ view plain ]
| 000 -LEADER | |
|---|---|
| fixed length control field | 00968nam a2200253 a 4500 |
| 001 - CONTROL NUMBER | |
| JCCL Control Number | 10241 |
| 003 - CONTROL NUMBER IDENTIFIER | |
| JCCL marc code | BD-JhCC |
| 005 - DATE AND TIME OF LATEST TRANSACTION | |
| control field | 20180421183133.0 |
| 008 - FIXED-LENGTH DATA ELEMENTS--GENERAL INFORMATION | |
| fixed length control field | 180421s2003 bg |||| |||| 000 0 ben d |
| 020 ## - INTERNATIONAL STANDARD BOOK NUMBER | |
| International Standard Book Number | 98484880108 |
| 035 ## - SYSTEM CONTROL NUMBER | |
| system control number | (BD-JhCC)10241 |
| 040 ## - CATALOGING SOURCE | |
| Original cataloging agency | BD-JhCC |
| Modifying agency | BD-JhCC |
| 041 ## - LANGUAGE CODE | |
| Language code of Book | ben |
| 082 ## - DEWEY DECIMAL CLASSIFICATION NUMBER | |
| Classification number | 894.4415 |
| Author mark and Year | IQB 2003 |
| 100 ## - MAIN ENTRY--PERSONAL NAME | |
| Personal name | ইকবাল, আল্লামা মুহাম্মদ |
| 245 ## - TITLE STATEMENT | |
| Title | রুমূয-ই-বেখূদী / |
| Statement of responsibility, etc | আল্লামা মুহাম্মদ ইকবাল ; আবুল ফারাহ্ মুহাম্মদ আবদুল হক [অনু:] |
| 260 ## - PUBLICATION, DISTRIBUTION, ETC. (IMPRINT) | |
| Place of publication, distribution, etc | ঢাকা : |
| Name of publisher, distributor, etc | আল্লামা ইকবাল সংসদ, |
| Date of publication, distribution, etc | 2003. |
| 300 ## - PHYSICAL DESCRIPTION | |
| Pagination | 103 P. : |
| Dimensions | 22 cm |
| 504 ## - BIBLIOGRAPHY, ETC. NOTE | |
| Bibliography, etc | Including Bibliographical Reference |
| 650 ## - SUBJECT ADDED ENTRY--TOPICAL TERM | |
| Topical term or geographic name as entry element | Islamic Poetry |
| 700 ## - ADDED ENTRY--PERSONAL NAME | |
| Personal name | হক,আবুল ফারাহ্ মুহাম্মদ আবদুল |
| 942 ## - ADDED ENTRY ELEMENTS (KOHA) | |
| Source of classification or shelving scheme | Dewey Decimal Classification |
| Koha item type | Books |
| Source of classification or shelving scheme | Damaged status | Not for loan | Home library | Current library | Shelving location | Date of accession | Cost, normal purchase price | Total Checkouts | Full call number | Barcode | Date last seen | Copy number | Koha item type |
|---|---|---|---|---|---|---|---|---|---|---|---|---|---|
| Dewey Decimal Classification | JCC Rouf Library | JCC Rouf Library | General Stacks | 04/21/2018 | 100.00 | 894.4415 IQB 2003 | 13491 | 04/21/2018 | C-1 | Books |